00791nam a2200193 a 450000100060000000300090000600800410001504000280005608200180008410000210010224501700012326000370029330000080033049000220033850501620036065000320052265000200055465000230057422552CO-ViMGA141112s2004 ck r 000 u spa d aCO-ViMGAbspacCO-ViMGA04a741.018 S155c1 aSanmiguel, David10aCómo mezclar colores : bUn estudio práctico y completo, pintando al óleo y a la acuarela, con una enseñanza progresiva y visual del arte de mezclar colores. aBarcelona : bParramón, c2006 a111 aAprender Haciendo aTeoria del color : instrucciones y materiales 9 - 20 - - Mezclas con primarios, secundarios, blanco y negro 23 - 40 - - Mezclando todos los colores 43 - 74 14aCOLOR EN EL ARTE - TECNICAS14aOLEO - ACUARELA14aPINTURA - TECNICAS